000 00653cam a2200241 4500
001 2668916
005 20250123124845.0
008 730820t19731974nyu b 001 0 eng
020 _a0393055035
020 _a0393093271 (pbk.)
050 0 0 _aHM136
_b.C63
082 0 0 _a301.5/92
100 1 _aColeman, James S.,
_d1926-1995.
245 1 0 _aPower and the structure of society
_c[by] James S. Coleman.
250 _a[1st ed.]
260 _aNew York,
_bNorton
_c[1973, c1974]
300 _a112 p.
_c22 cm.
650 0 _aPower (Social sciences)
650 0 _aBureaucracy.
650 0 _aCorporations.
650 0 _aCivil rights.
942 _2lcc
_cBK
_n0
999 _c2925
_d2925